书目信息 |
| 题名: |
王国维与叔本华哲学
|
|
| 作者: | 陈元晖 著 | |
| 分册: | ||
| 出版信息: | 北京 中国社会科学出版社 1981 |
|
| 页数: | 97页 | |
| 开本: | 19cm | |
| 丛书名: | ||
| 单 册: | ||
| 中图分类: | B259.9 , B017 | |
| 科图分类: | ||
| 主题词: | 近代哲学--中国 , 哲学基本问题 | |
| 电子资源: | ||
| ISBN: | ||
| 000 | 00741nam0 2200277 45 | |
| 001 | 1235299437 | |
| 005 | 20090929162126.79 | |
| 010 | @dCNY0.32 | |
| 091 | @aCN@b2190.028 | |
| 100 | @a19950311d1981 em y0chiy0121 ea | |
| 101 | 0 | @achi |
| 102 | @aCN@b110000 | |
| 105 | @ay m 000yy | |
| 200 | 10 | @a王国维与叔本华哲学@Awang guo wei yu shu ben hua zhe xue@f陈元晖著 |
| 210 | @a北京@c中国社会科学出版社@d1981 | |
| 215 | @a97页@d19cm | |
| 600 | 0 | @a王国维@z1877-1972@x哲学思想 |
| 600 | 1 | @a叔本华@z1788-1860@x哲学思想 |
| 606 | 0 | @a近代哲学@y中国 |
| 606 | 0 | @a哲学基本问题 |
| 690 | @aB259.9@v3 | |
| 690 | @aB017@v4 | |
| 701 | 0 | @a陈元晖@Achen yuan hui@4著 |
| 801 | 0 | @aCN@bTSSF |
| 801 | 2 | @aCN@bNLC |
| 905 | @a10447@dB017@eJY17 | |
| 王国维与叔本华哲学/陈元晖著.-北京:中国社会科学出版社,1981 |
| 97页;19cm |
| ISBN :CNY0.32 |
| ● |
| 相关链接 |
|
|
|
|
正题名:王国维与叔本华哲学
索取号:B017/JY17
 
预约/预借
| 序号 | 登录号 | 条形码 | 馆藏地/架位号 | 状态 | 备注 |
| 1 | 7809500 | 278095008 | 学院路分馆/ [索取号:B017/JY17] | 在馆 | |
| 2 | 7809501 | 278095017 | 学院路分馆/ [索取号:B017/JY17] | 在馆 |